Riconosci il Pokémon - Quiz n°282 - Statistics

Statistiche generali
  • Questo quiz è stato fatto 0 volte
  • Il punteggio medio è 0 su 10
Statistiche sulle risposte
Indizio Risposta % Corretto
Altezza 2,0 m
0%
Tasso di cattura 45 (11.9%)
0%
Sesso 50% ♂, 50% ♀
0%
Peso 82,0 kg
0%
Pokémon Flygon
0%
Abilità Levitazione
0%
Tasso di allevamento Medio-Lento
0%
Stadio evoluzione Seconda evoluzione
0%
Tipo Terra / Drago
0%
Generazione Terza
0%
Nessun quiz corrispondente trovato
Distribuzione punteggi
Percentuale di utenti per punteggio
Percentile per numero di risposta
I tuoi punteggi nel tempo
Non hai fatto questo quiz